Medical-Surgical Nursing : (Record no. 533)

MARC details
000 -LEADER
Fixed length control field 00577nam a2200205Ia 4500
003 - CONTROL NUMBER IDENTIFIER
Control field IIN
005 - DATE AND TIME OF LATEST TRANSACTION
Control field 20240209161048.0
008 - FIXED-LENGTH DATA ELEMENTS--GENERAL INFORMATION
Fixed length control field 231217s9999 xx 000 0 und d
020 ## - INTERNATIONAL STANDARD BOOK NUMBER / ISBN
Price Rs.640.00
International Standard Book Number 9788131243770
040 ## - CATALOGING SOURCE
Original cataloging agency IIN
Language of cataloging English
082 ## - DEWEY DECIMAL CLASSIFICATION NUMBER
Classification number 610.73677
Book Number SON
100 1# - MAIN ENTRY--PERSONAL NAME
Personal name Sonia, Lizy
245 1# - TITLE STATEMENT
Title Medical-Surgical Nursing :
Sub title Prep Manual for Undergraduates /
Statement of responsibility Lizy Sonia and Shaina Sharma
260 ## - IMPRINT
Name of publisher Elsevier
Place of publication New Delhi
Date of publication 2016
300 ## - PHYSICAL DESCRIPTION
Page / Vol. No xii, 398 p.
440 ## - SERIES STATEMENT
Number Vol.2
650 1# - SUBJECT ADDED ENTRY--TOPICAL TERM
Topical term Medical Surgical
Form subdivision Nursing
700 1# - ADDED ENTRY--PERSONAL NAME
Personal name Sharma, Shaina
942 ## - ADDED ENTRY ELEMENTS (KOHA)
Koha item type Books
Holdings
Withdrawn status Lost status Source of classification Damaged status Not for loan Collection code Home library Current library Date acquired Price Total Checkouts Call number Accession number Date last seen Copy number Price effective from Koha item type Shelving location
    Dewey Decimal Classification       IDEAL INSTITUTE OF NURSING IDEAL INSTITUTE OF NURSING 17/12/2023 640.00   610.73677 SON 528 17/12/2023 Vol.2 17/12/2023 Books  
    Dewey Decimal Classification       IDEAL INSTITUTE OF NURSING IDEAL INSTITUTE OF NURSING 17/12/2023 640.00   610.73677 SON 530 17/12/2023 Vol.2 17/12/2023 Books  
    Dewey Decimal Classification       IDEAL INSTITUTE OF NURSING IDEAL INSTITUTE OF NURSING 17/12/2023 640.00   610.73677 SON 531 17/12/2023 Vol.2 17/12/2023 Books  
    Dewey Decimal Classification       IDEAL INSTITUTE OF NURSING IDEAL INSTITUTE OF NURSING 17/12/2023 640.00   610.73677 SON 532 17/12/2023 Vol.2 17/12/2023 Books  
    Dewey Decimal Classification       IDEAL INSTITUTE OF NURSING IDEAL INSTITUTE OF NURSING 17/12/2023 640.00   610.73677 SON 533 17/12/2023 Vol.2 17/12/2023 Books  
    Dewey Decimal Classification       IDEAL INSTITUTE OF NURSING IDEAL INSTITUTE OF NURSING 17/12/2023 640.00   610.73677 SON 534 17/12/2023 Vol.2 17/12/2023 Books  
    Dewey Decimal Classification       IDEAL INSTITUTE OF NURSING IDEAL INSTITUTE OF NURSING 17/12/2023 640.00   610.73677 SON 535 17/12/2023 Vol.2 17/12/2023 Books  
    Dewey Decimal Classification       IDEAL INSTITUTE OF NURSING IDEAL INSTITUTE OF NURSING 17/12/2023 640.00   610.73677 SON 536 17/12/2023 Vol.2 17/12/2023 Books  
    Dewey Decimal Classification       IDEAL INSTITUTE OF NURSING IDEAL INSTITUTE OF NURSING 17/12/2023 640.00   610.73677 SON 537 17/12/2023 Vol.2 17/12/2023 Books  
    Dewey Decimal Classification     Purches Book IDEAL INSTITUTE OF NURSING IDEAL INSTITUTE OF NURSING 17/12/2023 640.00   610.73677 SON 529 24/01/2024 Vol.2 17/12/2023 Books  
    Dewey Decimal Classification     Purches Book IDEAL INSTITUTE OF NURSING IDEAL INSTITUTE OF NURSING 11/03/2025     610.73677 SON 1894 12/04/2025 Vol.2 12/04/2025 Books General Stacks
© Ideal Institute Of Nursing, All rights reserved.         Powered by Koha